| 000 | 01765nam a2200505 i 4500 | ||
|---|---|---|---|
| 001 | 2892 | ||
| 003 | KOSZ 005 | ||
| 005 | 20210426091211.0 | ||
| 008 | 210426s1980 pl a f 001 0 pol | ||
| 015 | _aUWD 1981/50 | ||
| 020 | _a8301016051 | ||
| 035 | _a991012429599705066 | ||
| 035 | _a(PL-WaBN)b13364972-48omnis_nlop | ||
| 035 | _ab13364972 | ||
| 035 | _a(OCoLC)830248031 | ||
| 035 | _azz2004864749 | ||
| 035 | _a(PL)b0000001336497 | ||
| 035 | _a(EXLNZ-48OMNIS_NETWORK)9910266986705606 | ||
| 040 |
_aWA N _cWA N _dKOSZ 005/RW |
||
| 046 | _k1980 | ||
| 080 | _a532 | ||
| 080 | _a(075.8) | ||
| 100 | 1 |
_aBukowski, Jerzy _d(1902-1982) _eAutor |
|
| 245 | 1 | 0 |
_aKurs mechaniki płynów / _cJerzy Bukowski, Piotr Kijkowski. |
| 260 |
_aWarszawa : _bPaństwowe Wydawnictwo Naukowe, _c1980. |
||
| 300 |
_a293, [2] strony : _bilustracje, tabele, wykresy ; _c24 cm. |
||
| 336 |
_aTekst _btxt _2rdacontent |
||
| 337 |
_aBez urządzenia pośredniczącego _bn _2rdamedia |
||
| 338 |
_aWolumin _bnc _2rdacarrier |
||
| 380 | _aKsiążki | ||
| 380 | _aPublikacje dydaktyczne | ||
| 385 |
_mPoziom nauczania _aSzkoły wyższe |
||
| 388 | 1 | _a1901-2000 | |
| 388 | 1 | _a1945-1989 | |
| 504 | _aBibliografia na stronach [386]-388. Indeksy. | ||
| 521 | 8 | _aPodręcznik przeznaczony jest dla studentów jednolitych studiów magisterskich kierunku mechaniki. | |
| 650 | 7 |
_aMechanika płynów _2DBN |
|
| 655 | 7 |
_aPodręczniki akademickie _2DBN |
|
| 658 | _aInżynieria i technika | ||
| 700 | 1 |
_aKijkowski, Piotr _eAutor |
|
| 710 | 2 |
_aPaństwowe Wydawnictwo Naukowe _4pbl |
|
| 856 |
_uhttp://koha.tu.koszalin.pl/cgi-bin/koha/opac-detail.pl?biblionumber=2892 _yKatalog online BPK |
||
| 942 |
_2UKD _cKS |
||
| 999 |
_c2892 _d2892 |
||